000 00865nam a22002417a 4500
999 _c17935
_d17935
003 AR-CdUCM
008 190510b ||||| |||| 00| 0 spa d
040 _aMUNICIPALIDAD PROVINCIAL DEL CUSCO
_cBIBLIOTECA MUNICIPAL DEL CUSCO
041 _heng
082 _a791.4 /
_bE33
100 _aEisenstein, Sergio M.
_938201
245 _aEl sentido del cine /
260 _aBuenos Aires :
_bLa reja,
_c1958.
300 _a198 páginas ;
_bIlustraciones,
_c21 cm.
440 _aPanorama de arte cinematográfico y teatral ;
_938202
505 _aContenido: Palabra e imagen -- Sincronización de los sentidos -- El color y su significado -- Forma y contenido: práctica.
650 _aCinematografía
_95757
650 _aCine
_913177
650 _aEstética
_9589
700 _aLacoste, Norah (traductora)
_938203
942 _2ddc
_cLIBROS
945 _aacv
_d2019-05-10